000 00383nam a2200145 a 4500
001 22380
005 20180713220257.0
008 140415s1990 000 0 spa d
020 _a9687380128
041 _aspa
082 _a421.07
_bREF
245 0 0 _aREFLECTIONS.
260 _a[s.l.] :
_bMACMILLAN EDUCATION,
_c1990.
650 1 4 _aINGLES
_xESTUDIO Y ENSEANZA, ETC.
999 _c22380
_d22380